Charta 77 očima současníků : po dvaceti letech /

Bibliographic Details
Corporate Author: Ústav pro soudobé dějiny AV ČR
Other Authors: Císařovská, Blanka
Format: Book
Language:Czech
Published: Praha : Ústav pro soudobé dějiny AV ČR : Doplněk, 1997.
Edition:1. vyd.
Subjects:

MARC

Tag First Indicator Second Indicator Subfields
LEADER 00000cam a2200000 a 4500
001 in00002000528
005 20151031131922.0
008 970403s1997 xr 000 0dcze
010 |a  97135772  
020 |a 8085270587 
035 |a (OCoLC)ocm37859282 
040 |a DLC  |c DLC  |d OCLCQ  |d TXA  |d UtOrBLW 
043 |a e-cs--- 
049 |a TXAM 
050 0 0 |a DB2228.7  |b .C484 1997 
245 0 0 |a Charta 77 očima současníků :  |b po dvaceti letech /  |c k vydání připravili Blanka Císařovská [and others]. 
250 |a 1. vyd. 
264 1 |a Praha :  |b Ústav pro soudobé dějiny AV ČR :  |b Doplněk,  |c 1997. 
300 |a 331 pages ;  |c 25 cm. 
336 |a text  |b txt  |2 rdacontent 
337 |a unmediated  |b n  |2 rdamedia 
338 |a volume  |b nc  |2 rdacarrier 
651 0 |a Czechoslovakia  |x Politics and government  |y 1968-1989. 
610 2 0 |a Charta 77 (Group) 
650 0 |a Anti-communist movements  |z Czechoslovakia. 
700 1 |a Císařovská, Blanka. 
710 2 |a Ústav pro soudobé dějiny AV ČR. 
948 |a cataloged  |b h  |c 2004/11/9  |d c  |e tchubaryan  |f 1:54:57 pm 
994 |a E0  |b TXA 
999 |a MARS 
999 f f |s f362fef5-f42e-3d96-8af7-4dada52670a3  |i e28978f8-4d23-312a-b891-6be935d66172  |t 0 
952 f f |p ric  |a Texas A&M University  |b Rellis Campus  |c Joint Library Facility  |d Remote Storage  |t 0  |e DB2228.7 .C484 1997  |h Library of Congress classification  |i unmediated -- volume  |m A14832282685 
998 f f |a DB2228.7 .C484 1997  |t 0  |l Remote Storage